<?xml version="1.0" encoding="UTF-8"?><?xml-stylesheet type="text/xsl" href="static/style.xsl"?><OAI-PMH xmlns="http://www.openarchives.org/OAI/2.0/" xmlns:xsi="http://www.w3.org/2001/XMLSchema-instance" xsi:schemaLocation="http://www.openarchives.org/OAI/2.0/ http://www.openarchives.org/OAI/2.0/OAI-PMH.xsd"><responseDate>2026-04-13T02:36:28Z</responseDate><request verb="GetRecord" identifier="oai:www.recercat.cat:10459.1/58734" metadataPrefix="marc">https://recercat.cat/oai/request</request><GetRecord><record><header><identifier>oai:recercat.cat:10459.1/58734</identifier><datestamp>2026-02-05T19:24:16Z</datestamp><setSpec>com_2072_3622</setSpec><setSpec>col_2072_479130</setSpec></header><metadata><record xmlns="http://www.loc.gov/MARC21/slim" xmlns:dcterms="http://purl.org/dc/terms/" xmlns:xsi="http://www.w3.org/2001/XMLSchema-instance" xmlns:doc="http://www.lyncode.com/xoai" xsi:schemaLocation="http://www.loc.gov/MARC21/slim http://www.loc.gov/standards/marcxml/schema/MARC21slim.xsd">
   <leader>00925njm 22002777a 4500</leader>
   <datafield ind2=" " ind1=" " tag="042">
      <subfield code="a">dc</subfield>
   </datafield>
   <datafield ind2=" " ind1=" " tag="720">
      <subfield code="a">Oms Oliu, Gemma</subfield>
      <subfield code="e">author</subfield>
   </datafield>
   <datafield ind2=" " ind1=" " tag="720">
      <subfield code="a">Odriozola Serrano, Isabel</subfield>
      <subfield code="e">author</subfield>
   </datafield>
   <datafield ind2=" " ind1=" " tag="720">
      <subfield code="a">Soliva-Fortuny, Robert</subfield>
      <subfield code="e">author</subfield>
   </datafield>
   <datafield ind2=" " ind1=" " tag="720">
      <subfield code="a">Martín Belloso, Olga</subfield>
      <subfield code="e">author</subfield>
   </datafield>
   <datafield ind2=" " ind1=" " tag="260">
      <subfield code="c">2009</subfield>
   </datafield>
   <datafield ind2=" " ind1=" " tag="520">
      <subfield code="a">Changes in antioxidant capacity, vitamin C, lycopene and total phenolic compound retention of fresh-cut&#xd;
watermelon stored at selected temperatures (5–20  C) for 14 days storage were accurately described by a&#xd;
Weibull distribution function. The temperature dependency of the Weibull kinetic rate constants was&#xd;
studied through an Arrhenius-type relationship. The degradation kinetic constants of Weibull model&#xd;
increased with temperature. Therefore, initial antioxidant potential of fresh-cut watermelon was best&#xd;
maintained at storage temperature of 5  C for 14 days. The activation energies for lycopene, vitamin C,&#xd;
antioxidant capacity and total phenolic compounds were 56.5 kJ mol 1, 55.9 kJ mol 1, 34.5 kJ mol 1&#xd;
and 26.9 kJ mol 1, respectively. Thus, a high temperature sensitivity of lycopene, vitamin C and antioxidant&#xd;
capacity related reactions were observed compared to that of total phenolic compounds.</subfield>
   </datafield>
   <datafield ind2=" " ind1=" " tag="520">
      <subfield code="a">This work was supporting by the Interministerial Commission for Science and Technology (CICYT) of the Ministerio de Educación y Ciencia (Spain) through the Project ALI 2005-05768. Isabel Odriozola- Serrano thanks the Agència de Gestió d’Ajuts Universitaris i de Recerca of the Generalitat de Catalunya (Spain) and the European Social Fund for the pre-doctoral grant.</subfield>
   </datafield>
   <datafield tag="653" ind2=" " ind1=" ">
      <subfield code="a">Kinetics</subfield>
   </datafield>
   <datafield tag="653" ind2=" " ind1=" ">
      <subfield code="a">Weibull model</subfield>
   </datafield>
   <datafield tag="653" ind2=" " ind1=" ">
      <subfield code="a">Fresh-cut watermelon</subfield>
   </datafield>
   <datafield tag="653" ind2=" " ind1=" ">
      <subfield code="a">Lycopene</subfield>
   </datafield>
   <datafield ind2="0" ind1="0" tag="245">
      <subfield code="a">Use of Weibull distribution for describing kinetics of antioxidant potential changes in fresh-cut watermelon</subfield>
   </datafield>
</record></metadata></record></GetRecord></OAI-PMH>